ბათუმის შოთა რუსთაველის სახელმწიფო უნივერსიტეტის ბიბლიოთეკა

მშენებლობის ორგანიზაცია,მექანიზაცია,ავტომატიზაცია,დაგეგმვა და მენეჯმენტი წ.1.ნაწ.1 (ბიბ.ჩანაწერი № 42769)

000 -LEADER
fixed length control field 01141nam a2200241Ia 4500
001 - CONTROL NUMBER
control field 9475
003 - CONTROL NUMBER IDENTIFIER
control field GE_BSU
008 - FIXED-LENGTH DATA ELEMENTS--GENERAL INFORMATION
fixed length control field 181216s||||||||xx |||||||||||||| ||und||
020 ## - INTERNATIONAL STANDARD BOOK NUMBER
International Standard Book Number 9789941903304
040 ## - CATALOGING SOURCE
Transcribing agency GE_BSU
080 ## - UNIVERSAL DECIMAL CLASSIFICATION NUMBER
Universal Decimal Classification number 69:658+69:658.51+693.002.5-52
100 ## - MAIN ENTRY--PERSONAL NAME
Personal name ბიჭიაშვილი,ჯონი,ნიჟარაძე,გენო, სიჭინავა,გიორგი
245 ## - TITLE STATEMENT
Title მშენებლობის ორგანიზაცია,მექანიზაცია,ავტომატიზაცია,დაგეგმვა და მენეჯმენტი წ.1.ნაწ.1
245 ## - TITLE STATEMENT
Statement of responsibility, etc. რედ.ბიჭიაშვილი ჯონი
260 ## - PUBLICATION, DISTRIBUTION, ETC.
Place of publication, distribution, etc. თბილისი
260 ## - PUBLICATION, DISTRIBUTION, ETC.
Name of publisher, distributor, etc. ლეგა
260 ## - PUBLICATION, DISTRIBUTION, ETC.
Date of publication, distribution, etc. 2008
300 ## - PHYSICAL DESCRIPTION
Extent 376გვ.20სმ.
300 ## - PHYSICAL DESCRIPTION
Accompanying material ბიბლიოგრ. გვ.363
653 ## - INDEX TERM--UNCONTROLLED
Uncontrolled term მშენებლობის ორგანიზაცია,მექანიზაცია,ავტომატიზაცია,დაგეგმვა და მენეჯმენტი
942 ## - ADDED ENTRY ELEMENTS (KOHA)
Koha item type წიგნი
ეგზემპლარები
Withdrawn status Lost status Damaged status Not for loan Date acquired Barcode Date last seen Price effective from Koha item type
        2018-12-17 32601 2018-12-17 2018-12-17 წიგნი
        2018-12-17 32602 2018-12-17 2018-12-17 წიგნი